000 00555nam a2200181Ia 4500
008 151018s9999 xx 000 0 und d
082 _bRBASDV33446
_a891.463
100 _aशरदचंद्र वाळिंबे
245 _aदिलदार
250 _b1
260 _bचंद्रमौळी
_c1999
300 _a216
600 _aशरदचंद्र वाळिंबे
630 _aदिलदार
700 _aशरदचंद्र वाळिंबे
730 _aदिलदार
942 _cBOOK
999 _c1032959
_d1032956